বাংলাদেশ জেলা গেজেটীয়ার: বৃহত্তর ময়মনসিংহ / (Record no. 27811)
[ view plain ]
| 000 -LEADER | |
|---|---|
| fixed length control field | 01091nam a22002057a 4500 |
| 003 - CONTROL NUMBER IDENTIFIER | |
| control field | BDDh-ASL |
| 005 - DATE AND TIME OF LATEST TRANSACTION | |
| control field | 20231015030808.0 |
| 008 - FIXED-LENGTH DATA ELEMENTS--GENERAL INFORMATION | |
| fixed length control field | 211101s1992 b ||||| |||| 00| 0 b d |
| 040 ## - CATALOGING SOURCE | |
| Transcribing agency | BDDh-ASL |
| 082 ## - DEWEY DECIMAL CLASSIFICATION NUMBER | |
| Classification number | 910.35492 |
| Item number | BAN |
| 245 00 - TITLE STATEMENT | |
| Title | বাংলাদেশ জেলা গেজেটীয়ার: বৃহত্তর ময়মনসিংহ / |
| 246 ## - VARYING FORM OF TITLE | |
| Title proper/short title | Bangladesh District Gazetteer: Brihottor Mymensingh |
| 260 ## - PUBLICATION, DISTRIBUTION, ETC. | |
| Place of publication, distribution, etc. | ঢাকা: |
| Name of publisher, distributor, etc. | সংস্থাপন মন্ত্রণালয়, গণপ্রজাতন্ত্রী বাংলাদেশ সরকার, |
| Date of publication, distribution, etc. | ১৯৯২। |
| 300 ## - PHYSICAL DESCRIPTION | |
| Extent | ৫৯৯ পৃষ্ঠা, : |
| Other physical details | ছবি ও ম্যাপ; |
| Dimensions | ২৪ সে. মি. |
| 504 ## - BIBLIOGRAPHY, ETC. NOTE | |
| Bibliography, etc. note | গ্রন্থপঞ্জি ও নিঘন্ট সংযুক্ত । |
| 650 #0 - SUBJECT ADDED ENTRY--TOPICAL TERM | |
| 9 (RLIN) | 5558 |
| Topical term or geographic name entry element | District Gazetteer (জেলা গেজেটীয়ার) |
| 651 #0 - SUBJECT ADDED ENTRY--GEOGRAPHIC NAME | |
| 9 (RLIN) | 5962 |
| Geographic name | বৃহত্তর ময়মনসিংহ (Greater Mymensingh) |
| 700 1# - ADDED ENTRY--PERSONAL NAME | |
| 9 (RLIN) | 5561 |
| Personal name | খান, নুরুল ইসলাম |
| 942 ## - ADDED ENTRY ELEMENTS (KOHA) | |
| Source of classification or shelving scheme | Dewey Decimal Classification |
| Koha item type | Books |
| Withdrawn status | Lost status | Source of classification or shelving scheme | Damaged status | Not for loan | Collection code | Home library | Current library | Shelving location | Date acquired | Source of acquisition | Total Checkouts | Full call number | Barcode | Date last seen | Copy number | Price effective from | Koha item type | Public note |
|---|---|---|---|---|---|---|---|---|---|---|---|---|---|---|---|---|---|---|
| Dewey Decimal Classification | Non-fiction | Asiatic Society Library | Asiatic Society Library | Reference | 11/11/2021 | ASB Library Collection | 910.35492 BAN | 114015 | 11/11/2021 | C-1 | 11/11/2021 | Books | RARE | |||||
| Dewey Decimal Classification | Non-fiction | Asiatic Society Library | Asiatic Society Library | Reference | 11/11/2021 | ASB Library Collection | 910.35492 BAN | 114016 | 11/11/2021 | C-2 | 11/11/2021 | Books | RARE | |||||
| Dewey Decimal Classification | Non-fiction | Asiatic Society Library | Asiatic Society Library | General Stacks | 09/27/2022 | Donated by Prof. (Dr.) M. Abdul Qayyum & Dr. Razia Sultana | 910.35492 BAN | 117569 | 09/27/2022 | C-3 | 09/27/2022 | Books | RARE |